| 000 | 00335nam a22001337a 4500 | ||
|---|---|---|---|
| 020 | _qPB. | ||
| 040 | _cFIZZA ISHAQ | ||
| 082 |
_a618 _bERR |
||
| 100 |
_aRAJPUT, R.K. E.R. _985874 |
||
| 245 |
_aENGINERING MATERIALS SMATALOGY / _cE.R. R.K. RAJPUT. |
||
| 260 |
_aNEW DEHLI : _bGROW HILL, _c2006. |
||
| 300 | _a328 P. ; | ||
| 942 |
_2ddc _cBK |
||
| 999 |
_c587146 _d587146 |
||